1677 1711 1746 1803 1793 1099 1886 1128 1540 1840 1107 1628 1949 1491 1591 1420 1091 1474 1856 1070 1594 1527 1727 1774 1504 1224 1902 1943 1308 1474 1447 1167 1023 1375 1919 1528 1615 1993 1710 1610 1381 1826 1688 1132 1201 1896 1499 1186 1704 1402 1007 1135 1986 1966 1895 1910 1410 1558 1502 1093 1295 1352 1051 1317 1101 1378 1650 1732 1642 1331 1273 1812 1976 1781 1059 1181 1863 1148 1072 1670 1185 1282 1562 1470 1712 1740 1041 1669 1922 1494 1323 1336 1209 1100 1951 1455 1818 1970 1752 BCNSPRNW ULIB Ver.6.0+V

เปลี่ยนเป็นภาษาไทย

Change to English
 แสดงรายละเอียดบรรณานุกรม
  กลับหน้าหลัก

Brief Record : Get Marc (ISO 2709) : E-mail record : QR code < ปิดหน้าต่าง
LEADER : 00000nam 2200000uu 4500
001    13399109895
003     ULIB
008    110418s2549||||th 000 0 tha d
020    9749751027
060 04 WD300^bล145ภ 2549
100 0  ลลิตา ธีระสิริ
245 10 ภูมิแพ้ในเด็กรักษาเองได้ /^cลลิตา ธีระสิริ ; บรรณาธิการ,ธนาภร โรจนทัพพะ
250    พิมพ์ครั้งที่ 1
260    กรุงเทพฯ :^bรวมทรรศน์,^c2549
300    136 หน้า :^bภาพประกอบ ;^c21 ซม. +^eซีดีรอม 1 แผ่น
440  0 ชุดธรรมชาติบำบัดและรักษาตนเอง
650  7 ภูมิแพ้^xในวัยทารกและวัยเด็ก
650  7 เด็ก^xโรค
700 0  ธนาภร โรจนทัพพะ,^eบรรณาธิการ
945    ^p164^l0^i021384
945    ^p164^l0^i021383
995    ทศพร
999 ^a ใช้งานได้ทุกระบบ
รายการนี้ยังไม่มีแท็ก
คุณยังไม่ได้ล็อกอิน คุณสามารถมีกิจกรรมร่วมกับเว็บไซต์ได้ แต่ต้องล็อกอินก่อน ::
  ล็อกอิน

รายการสื่อสารสนเทศ

ลำดับที่ ประเภท เลขเรียก/บาร์โค้ด สถานที่ สถานะ
1. วิทยาศาสตร์การแพทย์ และสุขภาพ
หนังสือสำรอง
สถานะ=หนังสือสำรอง
WD300 ล145ภ 2549 ฉ.1 
  Barcode: 021383
ห้องสมุดวิทยาเขตสวรรค์ประชารักษ์
►ส่วนจัดเก็บหนังสือเก่า สปร
บนชั้น
  ขอยืม

รายการใกล้เคียง
    ผู้แต่ง [ลลิตา ธีระสิริ]

BibComment


ยังไม่เคยถูกคอมเมนท์

คอมเมนท์ทรัพยากรรายการนี้
  คอมเมนท์: ภูมิแพ้ในเด็กรักษ..


 Copyright 2026. Bcnsprnw @Library